| 000 | 01182cam a2200289 a 4500 | ||
|---|---|---|---|
| 999 |
_c22001 _d22001 |
||
| 001 | 632929 | ||
| 005 | 20170123112326.0 | ||
| 008 | 930528s1993 njua 001 0 eng | ||
| 010 | _a 93002518 | ||
| 020 |
_a1559722088 : _c$19.95 ($24.95 Can.) |
||
| 050 | 0 | 0 | _aN6493 1980 .G37 1993 |
| 100 | 1 | _aGardner, James. | |
| 245 | 1 | 0 |
_aCulture or trash? : _ba provocative view of contemporary painting, sculpture, and other costly commodities / _cby James Gardner. |
| 260 |
_aSecaucus, N.J. : _bCarol Pub. Group, _cc1993. |
||
| 300 |
_aviii, 227 p. : _bill. ; _c24 cm. |
||
| 500 | _a"A Birch Lane Press book." | ||
| 500 | _aIncludes index. | ||
| 650 | 0 |
_aArt, Modern _y20th century _xMarketing. |
|
| 650 | 0 |
_aArt, Modern _y20th century _xEconomic aspects. |
|
| 650 | 0 |
_aArt criticism _xHistory _y20th century. |
|
| 942 |
_2lcc _cBOOKS |
||